000 00776nam a2200253 a 4500
001 14266
003 BD-RjUL
005 20211208235611.0
008 140205s1964 nyuab b 001 0 eng d
035 _a(BD-RjUL)14318
040 _aLC
_beng
_cLC
_dABN:1
_dBD-RjUL
041 _aeng
082 0 4 _a614.8072
_bHAA 1964
100 1 _aHaddon, William,
_d1926-
_944554
245 1 0 _aAccident research :
_bmethods and approaches /
_cWilliam Haddon, Edward A. Suchman, David Klein.
260 _aNew York :
_bHarper & Row,
_cc1964.
300 _axvi, 752 p. :
_bill. ;
_c24 cm.
504 _aIncludes bibliographies and index.
650 0 _aAccidents.
_944555
700 1 _aSuchman, Edward A.
_944556
700 1 _aKlein, David.
_944557
942 _2ddc
_cBK
999 _c14266
_d14266